Occupational wages and hours of work and retail food prices 2005 statistics from the ILO October Inquiry
| Corporate Author: | |
|---|---|
| Format: | Software eBook |
| Language: | English French German Spanish |
| PhysicalDescription: | 1 elektronický optický disk (CD-ROM) 12 cm |
| Published: |
Geneva
International Labour Organization
2005
|
| ISBN: | 9221162699 |
| Subjects: |
MARC
| LEADER | 00000nam a2200000 a 4500 | ||
|---|---|---|---|
| 001 | vtls008697371 | ||
| 003 | SK-MaSNL | ||
| 005 | 20260301205513.0 | ||
| 007 | co cgu muuua | ||
| 008 | 060502s2005 sz dss 000 0 eng | ||
| 020 | |a 9221162699 | ||
| 040 | |a SNK |b slo |c SNK |e AACR2 | ||
| 041 | 0 | |a eng |a fre |a ger |a spa | |
| 044 | |a sz |c CH | ||
| 072 | 7 | |a 331 |x Práca |2 konspekt | |
| 080 | |a 331 |2 2001 | ||
| 080 | |a 331.2 |2 2001 | ||
| 080 | |a 339.37 |2 2001 | ||
| 080 | |a 658.8 |2 2001 | ||
| 080 | |a (083.41) |2 2001 | ||
| 080 | |a (0.034.44) |2 2001 | ||
| 110 | 2 | |a Medzinárodná organizácia práce |4 aut |9 18131 | |
| 245 | 1 | 0 | |a Occupational wages and hours of work and retail food prices 2005 |h elektronický zdroj |b statistics from the ILO October Inquiry |
| 256 | |a Elektronické dokumenty | ||
| 260 | |a Geneva |b International Labour Organization |c 2005 | ||
| 300 | |a 1 elektronický optický disk (CD-ROM) |c 12 cm | ||
| 546 | |a Súbež. názov a text franc., nem., špan. | ||
| 610 | 2 | 7 | |a Medzinárodná organizácia práce |2 SNKKA |9 18131 |
| 650 | 0 | 7 | |a práca |2 SNKPH |9 2337 |
| 650 | 0 | 7 | |a mzdy |2 SNKPH |9 2316 |
| 650 | 0 | 7 | |a maloobchod |2 SNKPH |9 2201 |
| 655 | 7 | |a štatistiky |2 SNKPH |9 70182 | |
| 655 | 7 | |a CD-ROM |2 SNKPH |9 70236 | |
| 919 | |a 92-2-116269-9 | ||
| 999 | |c 910355 |d 912285 | ||
| 952 | |a SNK |b SNK |y PREZ |7 0 |p 17A0508006 |o snkICDM 93 |i snk2006/8980 |8 2 |g 119.73 |0 0 |1 0 |4 0 |d 2006-05-02 |l 0 |r 2026-02-24 07:41:34 |w 2026-02-24 | ||


